Výzkum, vývoj a inovace v EU: přelévání znalostí a vliv tohoto procesu na tvorbu inovací
Veda, výskum a vývoj a inovácie v Európskej únii. Pozícia EÚ vo svete v oblasti vedy, výskumu a vývoja a inovácií. Rozdelenie krajín EÚ do skupín podľa inovačnej výkonnosti. Regionálne rozdiely v oblasti inovácií a VaV v EÚ. Geografický prenos znalostí.
Uložené v:
| Hlavný autor: | |
|---|---|
| Médium: | Kapitola |
| Jazyk: | Czech |
| Predmet: | |
| Tagy: |
Žiadne tagy, Buďte prvý, kto otaguje tento záznam!
|
MARC
| LEADER | 00000naa a2200000 4500 | ||
|---|---|---|---|
| 001 | 0146523 | ||
| 005 | 20231204125219.4 | ||
| 041 | 0 | |a cze | |
| 044 | |a CZ | ||
| 245 | 1 | 0 | |a Výzkum, vývoj a inovace v EU: přelévání znalostí a vliv tohoto procesu na tvorbu inovací |c Jana Nováková |
| 520 | |a Veda, výskum a vývoj a inovácie v Európskej únii. Pozícia EÚ vo svete v oblasti vedy, výskumu a vývoja a inovácií. Rozdelenie krajín EÚ do skupín podľa inovačnej výkonnosti. Regionálne rozdiely v oblasti inovácií a VaV v EÚ. Geografický prenos znalostí. | ||
| 610 | 2 | 0 | |a veda |
| 610 | 2 | 0 | |a výskum |
| 610 | 2 | 0 | |a inovácia |
| 610 | 2 | 0 | |a stratégia inovačná |
| 610 | 2 | 0 | |a Európska únia |
| 610 | 2 | 0 | |a spolupráca vedecká medzinárodná |
| 100 | 1 | |a Nováková, Jana | |